Imad (THEODORT) - Toutes les chansons - Statistiques

Statistiques générales
  • Ce quiz a été pris 147 fois
  • Le résultat moyen est 11 sur 15
Statistiques - réponses
Titres % Correct
4 Wayeh
99%
9 Toko dombi
95%
6 CR7
83%
3 Heureusement...
80%
1 BB
79%
2 Message audio
75%
15 Iribin nãte
72%
5 Si ça va
72%
14 Yoga
71%
10 Dieu m'entend
68%
11 Perd seul
67%
12 Côté mer
64%
8 A l'agonie
63%
7 La mentale
63%
13 Chante à la lune
59%
Aucun quiz correspondant
Distribution des résultats
% des personnes avec chaque résultat
Percentile par nombre de réponses
Votre historique - résultats
Vous n’avez pas pris ce quiz